000 00448nam a2200169Ia 4500
003 GCL
008 140319s9999 xx 000 0 eng d
040 _aGCL /
_cGCL
082 0 4 _aCH
_b823
_bW U
100 1 _aWEIGLE, OSCAR
245 1 0 _aTHE UGLY DUCKLING /
_cWEIGLE, OSCAR
260 _a[S.N] :
_bGRASSET AND DUNLAP PUBLISHERS ،
_c1971
650 0 4 _aENGLISH LITERATURE
650 0 4 _aCHILDREN
650 0 4 _aCHILDREN - FICTION
942 _2ddc
_cBK
999 _c15057
_d15057